[Event "Tatry Open 2018"]
[Site "Tatranska Lomnica"]
[Date "2018.10.06"]
[Round "8"]
[White "Havelka, Ondrej"]
[Black "Borsos, Bogdan"]
[Result "0-1"]
[WhiteElo "2150"]
[BlackElo "2266"]
[Annotator "TA"]
[PlyCount "136"]
[EventDate "2018.09.30"]
[EventType "swiss"]
[EventCountry "SVK"]
[SourceTitle "playchess.com"]
[Source "ChessBase"]
[SourceQuality "1"]

{[%evp 12,136,33,28,62,52,56,37,33,28,27,25,72,77,119,82,147,137,140,110,122,114,112,106,97,69,84,2,0,-47,-51,-97,-122,-114,-104,-331,-300,-800,-800,-789,-790,-725,-108,-112,-91,-94,0,-108,-107,-108,-102,-141,-131,-131,-134,-124,-116,-121,0,-145,-116,-116,-128,-131,-131,-131,-123,-123,-123,-133,-107,-123,-123,-204,-195,-189,-189,-200,-167,-233,-225,-212,-125,-119,-115,-179,-122,-241,-249,-410,-339,-339,-339,-339,-335,-339,-339,-339,-339,-1534,-1562,-1481,-1412,-1258,-1648,-1891,-1572,-29977,-29976,-29983,-29984,-29989,-29990,-29990,-29991,-29991,-29992,-29993,-29994,-29994,-29995,-29995,-29996,-29996,-29996,-29997,-29998]} 1. d4 {Krasenkow,M} Nf6 2. c4 e6 3. Nc3 Bb4 4. e3 c5 5. Nge2 b6 6. a3 Ba5 7. Rb1 {LiveBook: 701 Games. Threatens to win with b4.} cxd4 $146 {E42: Nimzo-Indian: Rubinstein: 4...c5 5 Ne2} ({Predecessor:} 7... Na6 8. Ng3 Bb7 9. f3 O-O 10. Bd3 d5 11. O-O cxd4 12. Nb5 dxc4 13. Bxc4 Rc8 14. Qe2 Bd5 15. Bxd5 Qxd5 16. e4 {1-0 (63) Tomashevsky,E (2728)-Caruana,F (2787) Wijk aan Zee 2016 CBM 171 [Krasenkow,M]}) 8. exd4 {b4 is the strong threat.} Bxc3+ $1 9. Nxc3 O-O {White is slightly better.} 10. Bd3 d5 11. c5 bxc5 12. dxc5 e5 13. O-O e4 (13... h6 $142) 14. Bc2 $16 Bb7 15. Bg5 h6 16. Bxf6 Qxf6 17. Nxd5 Qe5 18. Nc3 {Hoping for Qd6.} Na6 19. Re1 ({White should play} 19. Qd6 $16 Qxc5 20. Rbd1) 19... Nxc5 $11 20. b4 Rad8 $36 {[%mdl 2048] Black has good play.} 21. Qe2 Qxc3 22. bxc5 Rd2 23. Qb5 $2 (23. Qe3 $17 Qxe3 24. fxe3) 23... Qf6 $1 $19 {[%cal Rf6f2]} ({Weaker is} 23... Qxc2 24. Rec1 $17) (23... Rxc2 24. Qxb7 Qxc5 25. Qxe4 $17) 24. Kh1 $2 (24. Rf1 Ba6 25. Qb3) 24... Bc6 ({Less strong is} 24... Rxc2 25. Qxb7 Qxf2 26. Qxe4 $17) 25. Qc4 Bd5 26. Qa4 Qxf2 $2 (26... e3 $19 {has better winning chances.} 27. f3 Bxf3 $1 {[%mdl 512]}) 27. Bxe4 $17 Rd4 28. Qc2 Rd2 29. Qa4 Bxe4 30. Qxe4 Qxc5 31. Qe3 Qd5 {[%csl Gd2][%cal Rd5g2]} 32. Rg1 a6 33. Qb6 Qd3 34. Rb3 Qd5 (34... Qc4 $17 35. Rg3 Rd3 36. Rxd3 Qxd3) 35. Rg3 (35. Rbb1 $1 $11 {was the only way to keep the balance.}) 35... Qd6 36. Qxd6 Rxd6 {[%mdl 4096] Endgame KRR-KRR} 37. Rc1 Rfd8 {( -> ...Rd1+)} 38. h3 Rd3 39. Rc3 Rxg3 40. Rxg3 {KR-KR} Rd1+ 41. Kh2 Ra1 42. Re3 (42. h4 $17 {is a better defense.}) 42... g6 43. Kg3 Kg7 44. Kf4 Kf6 45. Ke4 (45. h4 $142) 45... Ra2 $19 46. g3 Ke6 ({Black should try} 46... Kg5 $19 47. Kf3 f5) 47. Kd4+ $17 Kd6 48. Kc4 {[#]} (48. Rf3 $17 {was worth a try.}) 48... h5 (48... f5 $1 $19 49. Rd3+ Ke5 50. Rd5+ Ke6) 49. Kb4 {[#]} (49. Kd4 $17) 49... g5 $1 $19 50. g4 $2 (50. Rf3 Ke6 51. Re3+ Kf5 52. Rf3+ Kg6 53. Ka5) 50... h4 51. Rf3 Ke6 52. Re3+ Kf6 53. Rf3+ Kg6 54. a4 Rg2 55. Rc3 $2 (55. Rf1 Rg3 56. Rh1) 55... Rg3 56. Rc6+ f6 57. Rxa6 Rxh3 58. a5 Rg3 59. Ra8 Rxg4+ {Black mates.} 60. Kb3 h3 61. a6 h2 62. Rh8 Rh4 63. Rg8+ Kf5 64. a7 h1=Q 65. a8=Q Qb1+ 66. Kc3 Qb4+ 67. Kd3 Qd4+ 68. Ke2 Rh2+ {Precision: White = 36%, Black = 69%.} 0-1

[Event "Tatry Open 2018"]
[Site "Tatranska Lomnica"]
[Date "2018.10.06"]
[Round "8"]
[White "Weber, Samuel"]
[Black "Matras, Ondrej"]
[Result "1-0"]
[WhiteElo "2141"]
[BlackElo "2224"]
[Annotator "TA"]
[PlyCount "113"]
[EventDate "2018.09.30"]
[EventType "swiss"]
[EventCountry "SVK"]
[SourceTitle "playchess.com"]
[Source "ChessBase"]
[SourceQuality "1"]

{[%evp 11,113,9,13,0,0,0,0,0,0,-4,0,0,2,0,30,22,26,22,71,60,116,116,116,115,111,110,98,47,47,17,12,11,10,10,11,10,10,10,16,0,0,0,1,0,0,0,0,0,65,62,43,9,27,0,0,0,0,0,0,0,0,0,0,0,0,0,122,138,136,90,389,381,348,279,1396,1297,1093,1057,265,265,1498,1486,29971,29963,29972,12455,29970,29964,29979,29980,29980,29981,29981,29982,29978,29981,29986,29987,29987,29986,29989,29990,29990,29991]} 1. Nf3 Nc6 2. g3 e5 3. d3 d5 4. Bg2 g6 5. O-O Bg7 6. e4 d4 {LiveBook: 3 Games. A07: Réti Opening: New York and Capablanca Systems} (6... dxe4 7. dxe4 Qxd1 8. Rxd1 Bg4 9. Be3 Nd4 10. Bxd4 exd4 11. Na3 O-O-O 12. h3 Bxf3 13. Bxf3 Ne7 14. Nc4 {0-1 (35) Caruana,F (2829)-Anand,V (2793) London 2014}) 7. a4 Nge7 8. Na3 O-O {The position is equal.} 9. Ne1 $146 ({Predecessor:} 9. Nc4 a6 10. a5 b5 11. axb6 cxb6 12. Bd2 a5 13. b4 Ba6 14. Qb1 Bxc4 15. dxc4 {½-½ (41) Piepho,N (2293)-Galliamova,A (2472) Barcelona 2014}) 9... Be6 10. f4 Qd7 11. Nf3 Bg4 12. Nc4 {[%cal Rf4e5]} f5 13. h3 Bxf3 $1 14. Qxf3 fxe4 15. Qxe4 {[%cal Rf4e5]} Nf5 {[#]} (15... Nb4 $14) 16. Qd5+ $1 $16 (16. Nxe5 $6 Nxe5 17. fxe5 Nxg3 $11) 16... Qxd5 17. Bxd5+ Kh8 18. Bxc6 $1 bxc6 19. Kh2 ({Much worse is} 19. Nxe5 $6 Nxg3 20. Re1 c5 $11) (19. Kg2 $16) 19... Nd6 $14 20. Nxd6 (20. b3 {is more complex.} Rae8 21. Re1 Re6 22. Bd2 Rfe8 23. Kg2) 20... cxd6 21. Bd2 Bh6 22. Rae1 Rae8 23. Kg2 Kg8 24. b3 c5 25. Re2 exf4 26. Rxe8 Rxe8 27. gxf4 $11 {[%mdl 4096] Endgame KRB-KRB} Kf7 28. Kf3 Kf6 29. Rb1 Kf5 (29... Bf8 $11) 30. b4 $1 $14 Rb8 31. b5 Bg7 32. Re1 {Black must now prevent Re7.} Bf6 33. Ba5 Rc8 34. b6 axb6 35. Bxb6 c4 36. Rb1 cxd3 37. Rb5+ {[#]} d5 $1 {[%mdl 512]} 38. cxd3 (38. Rxd5+ Ke6) 38... Ke6 (38... Rc3 $1 $11 {keeps the balance.} 39. Ke2 (39. Rxd5+ Ke6 $11) 39... Kxf4) 39. a5 $16 {[%cal Ba4a5,Ba5a6,Ba6a7][%mdl 32]} Ra8 40. Rb1 Bd8 $2 {[%mdl 8192]} (40... Be7 $16) 41. Bxd8 $18 Rxd8 {KR-KR} 42. Rb6+ Kf7 $2 (42... Kd7 43. f5 gxf5) 43. a6 Ra8 44. Rb7+ Ke6 45. a7 ({And not} 45. Rxh7 Rxa6 46. Rg7 Kf6 $11) 45... h6 $2 (45... h5 46. Rb6+ Kf5) 46. Kg4 Kd6 47. Rg7 Kc5 48. h4 Kb4 49. Rc7 {White mates.} Kb5 50. h5 Kb6 51. Rg7 gxh5+ 52. Kxh5 Kc5 53. f5 {[%cal Bf4f5,Bf5f6,Bf6f7][%mdl 32]} Kd6 54. f6 Ke5 55. Kg6 Rf8 56. f7 Ke6 57. Rg8 {Precision: White = 79%, Black = 47%.} 1-0

[Event "Tatry Open 2018"]
[Site "Tatranska Lomnica"]
[Date "2018.10.06"]
[Round "8"]
[White "Kolesar, Milan"]
[Black "Kostelny, Jozef"]
[Result "1/2-1/2"]
[WhiteElo "2133"]
[BlackElo "2193"]
[Annotator "TA"]
[PlyCount "81"]
[EventDate "2018.09.30"]
[EventType "swiss"]
[EventCountry "SVK"]
[SourceTitle "playchess.com"]
[Source "ChessBase"]
[SourceQuality "1"]

{[%evp 24,81,34,30,147,50,56,37,33,30,44,39,41,49,51,53,48,17,18,13,13,13,15,11,12,15,14,20,58,8,69,0,10,5,15,16,25,24,33,8,8,8,33,31,40,8,39,0,0,0,0,0,0,6,4,0,0,0,0,4]} 1. Nf3 Nf6 2. c4 g6 3. g3 Bg7 4. Bg2 O-O 5. d4 d6 6. O-O Nbd7 {[%cal Bb8d7,Bd7c5,Bc5d3][%mdl 32]} 7. Nc3 e5 8. e4 c6 9. b3 Re8 10. h3 exd4 11. Nxd4 Nc5 12. Re1 a5 13. Bf4 d5 {E69: King's Indian: Fianchetto: 6...Nbd7 7 0-0 e5 8 e4 c6 9 h3} (13... a4 $11) (13... h6 14. Qc2 Nfd7 15. Rad1 Ne5 16. Be3 Qb6 17. a3 a4 18. b4 Nxc4 19. bxc5 Qxc5 20. Bf1 Nxe3 21. fxe3 Qxa3 {0-1 (51) Hayrapetyan,H (2502)-Mikaelyan,A (2486) Yerevan 2017}) 14. cxd5 (14. exd5 $16 Rxe1+ 15. Qxe1) 14... cxd5 $14 15. exd5 {And now Rxe8+ would win.} Rxe1+ {White is slightly better.} 16. Qxe1 Nd3 $1 {[%cal Rd3e1]} 17. Qe3 Nxf4 18. Qxf4 Bd7 $146 ({Predecessor:} 18... Ne8 19. Rd1 Qb6 20. Na4 Qb4 21. a3 Qd6 22. Re1 Qd8 23. Nb6 Ra6 24. Nc4 Bd7 25. a4 Bf8 26. Ne5 Rf6 27. Qe3 {1-0 (27) Reyes Najera,C (2257)-Juarez Flores,G (2255) Guatemala City 2000}) 19. Rd1 Rc8 20. Ncb5 {aiming for Nd6.} Rc5 $1 21. Nd6 Qc7 $1 {next ...g5 is good for Black.} 22. h4 h6 $1 23. Ne4 Qxf4 24. gxf4 Nxe4 25. Bxe4 a4 26. Kg2 Bf6 ({Better is} 26... axb3 $11 27. axb3 Bg4) 27. f5 ({White should try} 27. Nf3 $1 $14) 27... Bxh4 28. fxg6 fxg6 29. Ne6 Rc3 30. bxa4 Rc4 31. f3 Rxa4 32. Rd2 {[#] Threatens to win with Nc5.} Be7 33. Bxg6 Bd6 34. Be4 b5 35. Kh3 Kf7 {The position is equal.} 36. Rg2 {[#] Rg7+ is the strong threat.} Bxe6+ 37. dxe6+ Kxe6 38. Rg6+ Ke7 39. Bd5 Rd4 40. Bb3 Bf4 41. Re6+ {Precision: White = 57%, Black = 54%.} 1/2-1/2

[Event "Tatry Open 2018"]
[Site "Tatranska Lomnica"]
[Date "2018.10.06"]
[Round "8"]
[White "Dzikowski, Michal"]
[Black "Skreno, Vladimir"]
[Result "1/2-1/2"]
[WhiteElo "2126"]
[BlackElo "2160"]
[Annotator "TA"]
[PlyCount "137"]
[EventDate "2018.09.30"]
[EventType "swiss"]
[EventCountry "SVK"]
[SourceTitle "playchess.com"]
[Source "ChessBase"]
[SourceQuality "1"]

{[%evp 20,137,70,61,56,66,90,71,53,41,50,31,54,45,52,53,47,41,90,90,96,96,92,91,118,62,60,67,63,56,70,51,68,70,97,98,98,60,70,40,112,102,125,112,171,171,138,118,114,112,112,112,112,112,114,114,127,132,181,25,176,139,193,193,138,138,138,138,140,142,147,87,87,28,36,26,27,15,41,45,49,56,49,53,109,109,242,166,212,210,348,80,80,80,80,80,112,86,86,86,111,111,137,68,86,68,86,33,33,33,33,0,33,33,33,33,33,33,33,-24]} 1. d4 Nf6 2. c4 g6 3. Nc3 Bg7 4. Nf3 d6 5. g3 O-O 6. Bg2 c6 7. O-O Nbd7 8. e4 e5 9. h3 Qb6 10. Rb1 exd4 11. Nxd4 Nxe4 {E69: King's Indian: Fianchetto: 6...Nbd7 7 0-0 e5 8 e4 c6 9 h3} (11... Qb4 12. Nc2 Qxc4 13. Qxd6 Re8 14. Bf4 Nh5 15. Be3 Ne5 16. Rfd1 Bxh3 17. Bxh3 Nf3+ 18. Kh1 Bxc3 19. bxc3 Qxe4 {1-0 (27) Tukmakov,V (2560)-Golubev,M (2484) Odessa 2006}) 12. Nxe4 {aiming for Be3.} Qxd4 13. Qxd4 Bxd4 {White is better.} 14. Nxd6 $146 ({Predecessor:} 14. Rd1 c5 15. Nxd6 Nb6 16. Nxc8 Raxc8 17. b3 Rfe8 18. Bf3 Nd7 19. Bf4 {½-½ (28) Allen,A (2261)-Zhao,Z Gold Coast 1999}) 14... Be5 15. Nxc8 Raxc8 16. Be3 Nb6 17. b3 Rcd8 18. Rfd1 f5 19. a4 {[%cal Ba2a4,Ba4a5][%mdl 32]} Nc8 20. a5 a6 21. b4 Bc7 22. b5 (22. Rxd8 $16 Rxd8 23. b5) 22... axb5 $14 23. cxb5 {And now Rxd8 would win.} Bxa5 24. bxc6 bxc6 25. Bxc6 Rxd1+ $1 26. Rxd1 {Threatens to win with Bh6.} Ne7 27. Ba4 {Hoping for Bc5.} Rd8 28. Bb3+ Kg7 29. Ra1 Bb4 (29... Nc6 $14) 30. Ra7 $16 h6 31. Rb7 Ba3 (31... Bd6 $16 32. Bf4 Bc5) 32. Bf4 $18 Bc5 33. Be5+ Kf8 34. Kg2 Bd6 35. Bf6 Ke8 36. Be6 Rb8 37. Ra7 $1 Bc5 38. Ra6 {Black must now prevent Be5.} Rd8 39. Bc4 $2 ({White should play} 39. Bg7 $18) 39... Bd6 $2 (39... Rd2 $1 $11) 40. h4 h5 (40... Kd7 $16 41. Bb3 Rb8 42. Ra7+ Ke8) 41. Bg5 Kf8 42. f3 Ke8 43. Kh3 Kf8 44. Rb6 Ke8 45. Rb2 (45. Bb5+ $142 Kf7 46. Ba4) 45... Rc8 $16 46. Bb5+ ({White should try} 46. Be6 $16 Ra8 47. Rb7) 46... Kf7 $11 47. Rd2 Be5 $1 48. Rd7 Bf6 49. Bf4 Rc5 50. Ba4 Rc3 51. Kg2 Ke6 (51... Ra3 $14 52. Bb5 Rc3) 52. Rb7 $16 {Strongly threatening Bb3+.} Kd5 (52... Kf7 $16 53. Bb3+ Kg7) 53. Rb6 Nc6 {[#]} 54. Bd2 $1 {[%cal Rd2c3]} Bd4 {[#]} (54... Rc5 {keeps fighting.} 55. Ra6 Be7 56. Bb3+ Kd4) 55. Bb3+ $2 (55. Ra6 $1 $18 {and the rest is easy.} Nb8 56. Ra5+ Rc5 57. Rxc5+ Bxc5 58. Be8) 55... Kd6 56. Bxc3 Bxb6 {[%mdl 4096] Endgame KBB-KBN} 57. Bf7 Ne7 58. Bf6 f4 59. gxf4 Be3 60. Bg5 Bd4 61. Kf1 (61. Bxe7+ $16 Kxe7 62. Bxg6) 61... Kd7 62. Ke2 Kd6 63. Kd3 (63. Ke1 $16) 63... Bf2 $1 $14 64. Ke4 Be1 65. Kd3 Bf2 66. f5 {White is slightly better.} Nxf5 67. Bxg6 Nxh4 68. Bxh5 Nxf3 69. Ke4 {Precision: White = 49%, Black = 50%.} (69. Bf4+ $14 Ne5+ 70. Ke4) 1/2-1/2

[Event "Tatry Open 2018"]
[Site "Tatranska Lomnica"]
[Date "2018.10.06"]
[Round "8"]
[White "Domanski, Lukasz"]
[Black "Kostolansky, Sebastian Lukas"]
[Result "0-1"]
[WhiteElo "2076"]
[BlackElo "2209"]
[Annotator "TA"]
[PlyCount "90"]
[EventDate "2018.09.30"]
[EventType "swiss"]
[EventCountry "SVK"]
[SourceTitle "playchess.com"]
[Source "ChessBase"]
[SourceQuality "1"]

{[%evp 21,90,0,2,-67,-74,-91,-90,-88,-82,-131,-105,-149,-43,-114,-47,-53,-15,-55,-65,-42,-6,0,0,0,0,-79,-52,-46,-41,-57,-71,-108,-95,-125,-98,-174,-146,-235,-231,-198,-106,-85,-76,-115,-58,-49,-33,-41,-37,-119,-108,-144,-135,-152,-144,-210,-200,-387,-360,-501,-143,-337,-339,-388,-366,-1101,-1100,-1007,-561,-12826,-5476]} 1. e4 g6 2. d4 Bg7 3. Nc3 d6 4. Nf3 Nf6 5. h3 O-O 6. Be3 c6 7. a4 Nbd7 8. Be2 e5 9. dxe5 dxe5 10. Bc4 Qe7 11. O-O Nc5 {LiveBook: 10 Games. B08: Pirc Defence: Classical System} 12. Ng5 ({Better is} 12. Bxc5 $11 Qxc5 13. Qd3) (12. Nd2 Rd8 13. Qb1 Nh5 14. Nf3 Ne6 15. Qa2 Bd7 16. Rfd1 Nef4 17. Ne2 Qf6 18. Nxf4 Nxf4 19. Bxf4 Qxf4 20. Qb3 {0-1 (42) Keymer,V (2405)-Donchenko,A (2567) Tarvisio 2017}) 12... h6 $1 $15 {[%cal Rh6g5]} 13. Nxf7 Rxf7 {Black is better.} 14. Bxf7+ $146 ({Predecessor:} 14. Bxc5 Qxc5 15. Qd8+ Qf8 16. Bxf7+ Kxf7 17. Qd3 Be6 18. Rad1 Qc5 19. b3 {0-1 (54) Pfeufer,L (2015)-Rudolf,H (2316) Germany 2004}) 14... Kxf7 15. f4 {[#]} Kg8 $1 16. fxe5 Nfd7 (16... Nfxe4 $17 {Hoping for ...Bf5.} 17. Nxe4 Nxe4) 17. Qd2 (17. Qd6 $15 Qxd6 18. exd6) 17... g5 (17... Bxe5 18. Rad1 $15) (17... Qxe5 $6 18. Rad1 $11) (17... Nxe5 $17 {...Nc4 is the strong threat.} 18. b3 g5) 18. Rad1 {White wants to play Qd6.} Ne6 19. Qd6 Qxd6 20. exd6 Ne5 21. Ne2 Bd7 22. b3 c5 23. Rf5 (23. Ng3 $11 {keeps the balance.}) 23... Nd4 24. Bxd4 cxd4 25. Rf2 (25. Rxd4 Bxf5 26. exf5 Rd8 $17) 25... Nc6 {[%mdl 1024] Black has compensation.} 26. Kh1 Be5 27. Rf3 g4 28. Rfd3 (28. Rf2 $17) 28... Rc8 $19 ({And not} 28... Bxd6 29. Rxd4 Nxd4 30. Rxd4 $16) 29. h4 (29. R3d2 $17 {keeps fighting.}) 29... Nb4 ({Weaker is} 29... Bxd6 30. c3 $15) 30. R3d2 Rxc2 (30... Nxc2 $19 {aiming for ...Ne3.} 31. Rc1 Kf7) 31. Nxd4 $17 Rc3 32. Nf5 Rxb3 ({Black should play} 32... Kh7 $17 33. Rb1 Nd3) 33. Nxh6+ $15 Kg7 34. Nf5+ Kg6 35. Rf2 (35. g3 $15) 35... Nd3 $36 {[%mdl 2048] White is under strong pressure.} 36. Ne7+ Kg7 37. Rfd2 Nc5 38. Rd5 (38. Nf5+ $17 {was necessary.} Kf6 39. Rf1) 38... Nxe4 $19 {Strongly threatening ...Nf2+.} 39. Kg1 $2 (39. Rxe5 Nf2+ 40. Kg1 Nxd1 41. Nd5) 39... Bf4 {And now ...Be3+ would win.} 40. Nf5+ Kg6 $2 (40... Bxf5 $19 41. Rxf5 Be3+ 42. Kh2 g3+ 43. Kh3 Nf2+ 44. Rxf2 gxf2) 41. Rf1 $2 {[#]} (41. h5+ $17 Kf6 42. Rf1) 41... Nc3 $1 {[%cal Rc3d5]} ({Less strong is} 41... Bxf5 42. Rxf4 Rb1+ 43. Rf1 $11) 42. Ne7+ Kg7 43. Rh5 $2 (43. Nf5+ Kf6 44. Nd4 Nxd5 45. Nxb3) 43... Ne2+ {Black is clearly winning.} 44. Kf2 g3+ 45. Kxe2 Bg4+ {Precision: White = 27%, Black = 50%.} 0-1

[Event "Tatry Open 2018"]
[Site "Tatranska Lomnica"]
[Date "2018.10.06"]
[Round "8"]
[White "Steiner, Bruno"]
[Black "Lys, Josef"]
[Result "1-0"]
[WhiteElo "2075"]
[BlackElo "2086"]
[Annotator "NA RC"]
[PlyCount "145"]
[EventDate "2018.09.30"]
[EventType "swiss"]
[EventCountry "SVK"]
[SourceTitle "playchess.com"]
[Source "ChessBase"]
[SourceQuality "1"]
[TimeControl "40/5400+30:1800+30"]

1. Nf3 {[%emt 0:11:56]} c5 {[%emt 0:01:36]} 2. e3 {[%emt 0:00:24]} g6 {[%emt 0:01:14]} 3. d4 {[%emt 0:00:16]} Bg7 {[%emt 0:00:39]} 4. dxc5 {[%emt 0:07:10]} Qa5+ {[%emt 0:00:09]} 5. Nbd2 {[%emt 0:00:55]} Nf6 {[%emt 0:00:42]} 6. a3 {[%emt 0:01:52] A48: 1 d4 Nf6 2 Nf3 g6: Torre, London and Colle Systems} Nc6 {[%emt 0:02:00]} (6... Qxc5 7. b4 Qc7 8. Bb2 O-O 9. c4 b6 10. Be2 Bb7 11. O-O d6 12. Qb3 Nbd7 13. h3 Rac8 14. Rfd1 Rfd8 15. Rac1 Qb8 16. Qa2 e5 17. a4 h6 18. a5 Nf8 19. axb6 axb6 20. Ra1 {½-½ (57) Mirzoev,A (2510)-Perez Candelario,M (2611) Linares 2018}) 7. Rb1 {[%emt 0:07:36]} Qxc5 {[%emt 0:04:27]} 8. b4 {[%emt 0:00:10]} Qb6 {[%emt 0:00:22]} 9. c4 {[%emt 0:03:07]} d6 $146 {[%emt 0:01:55]} ({Predecessor:} 9... O-O 10. Be2 d5 11. O-O Bf5 12. Rb3 Rfd8 13. c5 Qc7 {0-1 (51) Sevastianov,V-Kazantsev,V Samara 2001}) 10. Bd3 {[%emt 0:01:10]} a5 {[%emt 0:01:21]} 11. O-O {[%emt 0:02:48]} axb4 {[%emt 0:00:35]} 12. axb4 {[%emt 0:00:26]} O-O {[%emt 0:00:18]} 13. Bb2 {[%emt 0:01:30]} Be6 {[%emt 0:02:28]} 14. Nd4 {[%emt 0:11:10]} Bg4 {[%emt 0:07:41]} 15. Be2 {[%emt 0:00:48]} Bxe2 {[%emt 0:01:13]} 16. Qxe2 {[%emt 0:00:35]} Ra2 {[%emt 0:00:45]} 17. Qd3 {[%emt 0:20:12]} Rfa8 {[%emt 0:37:26]} 18. Qb3 {[%emt 0:02:43]} Nd7 {[%emt 0:03:33]} 19. Nc2 {[%emt 0:04:54]} Qa7 {[%emt 0:06:53]} 20. Bxg7 {[%emt 0:02:19]} Kxg7 {[%emt 0:00:12]} 21. Rb2 {[%emt 0:01:16]} f6 {[%emt 0:01:28]} 22. Rxa2 {[%emt 0:01:01]} Qxa2 {[%emt 0:00:33]} 23. Qc3 {[%emt 0:00:13]} Qa7 {[%emt 0:00:29]} 24. Ra1 {[%emt 0:00:38]} Qb8 {[%emt 0:00:03]} 25. h3 {[%emt 0:00:50]} Ra7 {[%emt 0:02:23]} 26. g3 {[%emt 0:01:58]} Qa8 {[%emt 0:00:08]} 27. Rxa7 {[%emt 0:00:10]} Qxa7 {[%emt 0:00:11]} 28. Qb3 {[%emt 0:00:31]} Nce5 {[%emt 0:02:20]} 29. Kg2 {[%emt 0:00:26]} Qb6 {[%emt 0:01:15]} 30. Nd4 {[%emt 0:01:17]} Nf8 {[%emt 0:00:14]} 31. Qc3 {[%emt 0:00:48]} Qa6 {[%emt 0:01:26]} 32. f4 {[%emt 0:01:46]} Nc6 {[%emt 0:00:21]} 33. Nc2 {[%emt 0:01:44]} Nd7 {[%emt 0:03:36]} 34. Qb3 {[%emt 0:00:36]} Qb6 {[%emt 0:02:55]} 35. Kf2 {[%emt 0:01:14]} Ndb8 {[%emt 0:02:37]} 36. Ne4 {[%emt 0:02:35]} Na6 {[%emt 0:01:55]} 37. b5 {[%emt 0:01:06]} Nd8 {[%emt 0:03:36]} 38. Qa3 {[%emt 0:01:41]} Nc7 {[%emt 0:00:24]} 39. Nd4 {[%emt 0:00:51]} Nde6 {[%emt 0:02:00]} 40. Nxe6+ {[%emt 0:01:02]} Nxe6 {[%emt 0:00:09]} 41. Qa2 {[%emt 0:31:28]} h6 {[%emt 0:31:10]} 42. h4 {[%emt 0:01:16]} f5 {[%emt 0:03:54]} 43. Nc3 {[%emt 0:00:50]} Nc5 {[%emt 0:00:00]} 44. Kf3 {[%emt 0:00:00]} Qc7 {[%emt 0:00:00]} 45. Qa1 {[%emt 0:00:00]} Kh7 {[%emt 0:00:00]} 46. Nd5 {[%emt 0:00:00]} Qd7 {[%emt 0:00:00]} 47. Qd4 {[%emt 0:00:00]} Qe6 {[%emt 0:00:00]} 48. Nc3 {[%emt 0:00:18]} Kg8 {[%emt 0:00:00]} 49. Qd5 {[%emt 0:01:44]} Kf7 {[%emt 0:00:00]} 50. e4 {[%emt 0:00:51]} h5 {[%emt 0:00:00]} 51. e5 {[%emt 0:01:45]} Qxd5+ {[%emt 0:00:41]} 52. cxd5 {[%emt 0:01:42]} dxe5 {[%emt 0:01:19]} 53. fxe5 {[%emt 0:00:09]} Nd3 {[%emt 0:00:21]} 54. e6+ {[%emt 0:00:40]} Kf6 {[%emt 0:00:07]} 55. Ke3 {[%emt 0:00:06]} Nc5 {[%emt 0:01:50]} 56. Kf4 {[%emt 0:02:39]} Nd3+ {[%emt 0:01:08]} 57. Ke3 {[%emt 0:00:02]} Nb2 {[%emt 0:00:56]} 58. Kd4 {[%emt 0:00:33]} b6 {[%emt 0:00:38]} 59. Nb1 {[%emt 0:00:22]} Na4 {[%emt 0:00:58]} 60. Nd2 {[%emt 0:00:15]} Nc5 {[%emt 0:02:07]} 61. Nc4 {[%emt 0:00:20]} Na4 {[%emt 0:00:15]} 62. Ne5 {[%emt 0:00:13]} Kg7 {[%emt 0:00:25]} 63. Nd7 {[%emt 0:00:08]} Kg8 {[%emt 0:00:28]} 64. Ke5 {[%emt 0:01:56]} Nc3 {[%emt 0:00:26]} 65. d6 {[%emt 0:00:56]} exd6+ {[%emt 0:00:43]} 66. Kf6 {[%emt 0:00:04]} Nd5+ {[%emt 0:00:31]} 67. Kxg6 {[%emt 0:00:03]} f4 {[%emt 0:00:36]} 68. gxf4 {[%emt 0:00:28]} Nxf4+ {[%emt 0:00:12]} 69. Kf5 {[%emt 0:00:13]} Nd5 {[%emt 0:01:32]} 70. Nf6+ {[%emt 0:01:01]} Nxf6 {[%emt 0:00:12]} 71. Kxf6 {[%emt 0:00:03]} Kf8 {[%emt 0:00:06]} 72. e7+ {[%emt 0:00:03]} Ke8 {[%emt 0:00:12]} 73. Ke6 {[%emt 0:00:02]} 1-0